ბათუმის შოთა რუსთაველის სახელმწიფო უნივერსიტეტის ბიბლიოთეკა

Коллекция стекла античной Горгиппии (ბიბ.ჩანაწერი № 60977)

000 -LEADER
fixed length control field 01064nam a22002057a 4500
005 - DATE AND TIME OF LATEST TRANSACTION
control field 20231201150011.0
008 - FIXED-LENGTH DATA ELEMENTS--GENERAL INFORMATION
fixed length control field 231201s2007ru xxu||||| |||| 00| 0 rus d
020 ## - INTERNATIONAL STANDARD BOOK NUMBER
International Standard Book Number 9785891641952 X
041 ## - LANGUAGE CODE
Language code of text/sound track or separate title rus
080 ## - UNIVERSAL DECIMAL CLASSIFICATION NUMBER
Universal Decimal Classification number 748+902 А-47
100 ## - MAIN ENTRY--PERSONAL NAME
Personal name Алексеева, Екатерина Михайловна
9 (RLIN) 20544
245 ## - TITLE STATEMENT
Title Коллекция стекла античной Горгиппии
Remainder of title (I - III вв.) /
Statement of responsibility, etc. Е. М. Алексеева, Н. П. Сорокина
264 ## - PRODUCTION, PUBLICATION, DISTRIBUTION, MANUFACTURE, AND COPYRIGHT NOTICE
Place of production, publication, distribution, manufacture Москва :
Name of producer, publisher, distributor, manufacturer Интербук-бизнес,
Date of production, publication, distribution, manufacture, or copyright notice 2007.
300 ## - PHYSICAL DESCRIPTION
Extent 159 с. :
Other physical details ил., цв.ил., карты.
Dimensions 22 см.
500 ## - GENERAL NOTE
General note Библиогр.: с. 157-159.
653 ## - INDEX TERM--UNCONTROLLED
keyword Стеклянные художественные изделия античные--Горгиппия, античный город (Боспорское государство)
653 ## - INDEX TERM--UNCONTROLLED
keyword ანტიკური გორგიპიას მინის კოლექცია
700 ## - ADDED ENTRY--PERSONAL NAME
Personal name Сорокина, Н. П
Relator term ავტორი
9 (RLIN) 20545
942 ## - ADDED ENTRY ELEMENTS (KOHA)
Source of classification or shelving scheme
Koha item type წიგნი
ეგზემპლარები
Withdrawn status Lost status Source of classification or shelving scheme Damaged status Not for loan Permanent Location Current Location Shelving location Date acquired Cost, normal purchase price Full call number Barcode Date last seen Copy number Uniform Resource Identifier Price effective from Koha item type Public note
          ბათუმის შოთა რუსთაველის სახელმწიფო უნივერსიტეტის მთავარი ბიბლიოთეკა ბათუმის შოთა რუსთაველის სახელმწიფო უნივერსიტეტის მთავარი ბიბლიოთეკა წიგნსაცავი 2023-12-01 10.00 748+902 А-47 65523 2023-12-01 65523 ბსუ-ს საპატიო დოქტორის გურამ ლორთქიფანიძის საჩუქარი 2023-12-01 წიგნი 10.00